000 00740nam a2200265Ia 4500
001 5567
005 20240113233838.0
007 ta
008 050621s 199 a g b000 u eng u
020 _a0-86720-860-0
040 _aCotton College,Assam
041 _aeng
082 _a574.88
_bMa 29 Es
100 _aMalacinski , George M. .
245 0 _aEssentials of Molecular Biology /
_cGeorge M. Malacinski and David Freifelder.
_hTextual Documents
250 _a3rd ed /
260 _aBoston :
_bJones & Bartlett ,
_cC 1998.
300 _axxi, 532p. :
_bill. ;
_c26cm. .
504 _aIndex
653 _aBiology- Molecular Biology
942 _2ddc
_cBK
999 _c5554
_d5554